000 00257nam a22001217a 4500
008 180301b xxu||||| |||| 00| 0 eng d
041 _aeng
080 _a591
100 _a7
101 _aZOO
245 _aManual of Botany
_cFernald, M.L
942 _2udc
_cBK
999 _c43864
_d43864